000 00338 a2200109 4500
001 ART_5888
005 20260410161828.0
008 260409a
245 1 0 _aLos valores y la ética en la ciencia económica
100 1 _aMontuschi, Luisa
773 0 _tEstudios Económicos
_g- Vol. 25, Nº 51 (jul./dic. 2008)
_wREV5080
999 _c22996
_d22996